000 00356 a2200157 4500
001 154705
040 _cEscola São Tomás de Aquino
100 _aBERUTTI, Flávio
240 1 0 _aBrasil 500 anos de esperança
_lpor
245 1 0 _aBrasil 500 anos de esperança
300 _a27
362 0 _a2000
440 1 _aRHJ
697 _aHISTÓRIA
942 _cBK
999 _c154705
_d154705